Tradition and modernity in Indian arts : (Record no. 54649)

MARC details
000 -LEADER
fixed length control field 01345nam a22002897a 4500
005 - DATE AND TIME OF LATEST TRANSACTION
control field 20110802101758.0
010 ## - LCCN (DPL NO)
LC control number B-423713
020 ## - INTERNATIONAL STANDARD BOOK NUMBER
International Standard Book Number 9788173053900
Terms of availability 1800.00
035 ## - SYSTEM CONTROL NUMBER
System control number B-423713
037 ## - SOURCE OF ACQUISITION
Source of stock number/acquisition Allied Publishers
082 ## - DEWEY DECIMAL CLASSIFICATION NUMBER
Classification number 709.54
100 1# - MAIN ENTRY--PERSONAL NAME
Personal name Vashishtha, Neelima,
Dates associated with a name 1941-
245 10 - TITLE STATEMENT
Title Tradition and modernity in Indian arts :
Remainder of title during the twentieth century /
Statement of responsibility, etc Neelima Vashishtha.
246 30 - VARYING FORM OF TITLE
Title proper/short title Indian arts
260 ## - PUBLICATION, DISTRIBUTION, ETC. (IMPRINT)
Place of publication, distribution, etc Shimla :
Name of publisher, distributor, etc Indian Institute of Advanced Study ;
Place of publication, distribution, etc New Delhi :
Name of publisher, distributor, etc Aryan Books International,
Date of publication, distribution, etc 2010.
300 ## - PHYSICAL DESCRIPTION
Extent xvii, 226 p., 79 plates :
Other physical details col. ill. ;
Dimensions 28 cm. (Hb)
500 ## - GENERAL NOTE
General note Includes bibliographical references (p. 207-216) and index.
650 #0 - SUBJECT ADDED ENTRY--TOPICAL TERM
Topical term or geographic name as entry element Painting, Indic
Chronological subdivision 20th century.
650 #0 - SUBJECT ADDED ENTRY--TOPICAL TERM
Topical term or geographic name as entry element Sculpture, Indic
Chronological subdivision 20th century.
650 #0 - SUBJECT ADDED ENTRY--TOPICAL TERM
Topical term or geographic name as entry element Culture in art.
650 #0 - SUBJECT ADDED ENTRY--TOPICAL TERM
Topical term or geographic name as entry element Modernism (Art)
710 2# - ADDED ENTRY--CORPORATE NAME
Corporate name or jurisdiction name as entry element Indian Institute of Advanced Study.
9 (RLIN) 30733
942 ## - ADDED ENTRY ELEMENTS (KOHA)
Source of classification or shelving scheme Dewey Decimal Classification
Item type English Books
Classification part 709.54
Call number suffix VAS
Holdings
Withdrawn status Lost status Not for loan Collection code Home library Current library Date acquired Source of acquisition Cost, normal purchase price Full call number Barcode Copy number Cost, replacement price Koha item type
    Not For Loan Reference Central Library Central Library 10/08/2011 Allied Publishers/CR/0002704/17.3.11/75/4.3.11/17.3.11 1800.00 709.54 VAS B-423713 1 1800.00 English Books

© Delhi Public Library
Hit Counter
free hit counter